|
|
|
|
| LEADER |
00000nam a2200000 4500 |
| 001 |
vtls008865423 |
| 003 |
SK-MaSNL |
| 005 |
20260301165749.0 |
| 008 |
031216s1592 gw f 00100 lat |
| 015 |
|
|
|a SNBHFA
|
| 035 |
|
|
|a cpl000126196
|
| 040 |
|
|
|a SNKHF
|b slo
|c SNKHF
|e rda
|
| 041 |
0 |
|
|a lat
|
| 044 |
|
|
|a gw
|c DE
|
| 072 |
|
7 |
|a 2
|x Náboženstvo
|2 konspekt
|
| 080 |
|
|
|a 27
|2 2011
|
| 080 |
|
|
|a 2-154
|2 2011
|
| 080 |
|
|
|a 27-534.3
|2 2011
|
| 100 |
1 |
|
|a Benci, Francesco,
|d 1542-1594
|4 aut
|4 aui
|9 126639
|
| 245 |
1 |
1 |
|a [Francisci Bencii Ab Aqvapendente, E Societate Iesv, Orationes & Carmina
|b Qvae Partim Nvnqvam antehac, partim in Germania nunc primùm in lucem prodierunt. Orationvm Singvlarvm argumentum, pagina quae primam orationem antecedit proximè, indicabit. His demum subiuncta est eiusdem de stylo & scriptione disputatio]
|
| 246 |
3 |
0 |
|a Orationes & Carmina
|
| 264 |
|
3 |
|a [Ingolstadt]
|b [Sartorius, David]
|c [1592]
|
| 300 |
|
|
|a 4 nečíslované listy, 383 strán
|c 8°
|c 17 × 11 cm
|
| 336 |
|
|
|a text
|b txt
|2 rdacontent
|
| 337 |
|
|
|a bez média
|b n
|2 rdamedia
|
| 338 |
|
|
|a zväzok
|b nc
|2 rdacarrier
|
| 500 |
|
|
|a Vinety, linky, iniciálky s ornamentálnym pozadím na 4 a 5 riadkov
|
| 501 |
|
|
|a Príväzok 1.: BENCI, Francesco. Carminum Libri Qvatvor. Ingolstadii: David Sartorius, 1592.
|5 SNK ID 83429/prív.1
|
| 504 |
|
|
|a Kustody
|
| 508 |
|
|
|a Predslov autora
|
| 510 |
4 |
|
|a VD 16
|c B/1666
|
| 546 |
|
|
|a Latinčina
|b Antikva
|b Kurzíva
|
| 550 |
|
|
|a Názov a impresum doplnené z VD 16
|
| 562 |
|
|
|a Defekt: chýba titulný list.
|5 SNK
|
| 563 |
|
|
|a Väzba: žlto-hnedá koža s ornamentálno-figurálnou slepotlačou, stopy po dvoch kovových sponách a iniciálmi na titule: G * B 1594, reštaurovaná.
|5 SNK ID 83429
|
| 650 |
0 |
7 |
|a kresťanstvo
|2 SNKPH
|9 2024
|
| 650 |
0 |
7 |
|a náboženstvo
|2 SNKPH
|9 2023
|
| 650 |
0 |
7 |
|a modlitby
|2 SNKPH
|9 1743
|
| 700 |
1 |
|
|a Sartorius, David,
|d 1529-1596
|4 prt
|9 172585
|
| 710 |
0 |
|
|a Sartorius, David (Ingolstadt, Nemecko),
|d 1571-1596
|4 prt
|9 305339
|
| 752 |
|
|
|a Nemecko
|d Ingolstadt
|
| 852 |
|
|
|a snk
|p ID 83429
|
| 958 |
|
|
|a DA
|
| 958 |
|
|
|a ONDV
|
| 999 |
|
|
|c 825424
|d 827354
|
| 952 |
|
|
|t Tlače 16. storočia
|a SNK
|b SNK
|c SNK_HF
|y PREZ
|7 0
|p 17A1303531
|o snkID 83429
|i snkK 799/85
|z Kniha má jeden príväzok.
|0 0
|1 0
|4 0
|d 2021-11-02
|f 1
|l 0
|r 2026-02-24 03:19:20
|w 2026-02-24
|